Statistics for Connacht Team 2019-20

Click here to take the quiz!

General Stats

  • This quiz has been taken 3 times
  • The average score is 9 of 53

Answer Stats

PositionAnswerAppsTriesPoints% Correct
CentreBundee Aki10210
100%
Scrum-HalfKieran Marmion11525
100%
Scrum-HalfCaoil Blade17420
50%
WingColm De Butlear100
50%
Fly-HalfConor Fitzgerald19085
50%
Back-RowConor Oliver200
50%
PropDenis Buckley1800
50%
PropFinlay Bealham17210
50%
Fly-HalfJack Carty13258
50%
Back-RowJarrad Butler1300
50%
WingJohn Porch17630
50%
WingMatt Healy7210
50%
PropMatthew Burke700
50%
WingStephen Fitzgerald815
50%
Full-BackTiernan O'Halloran11315
50%
LocksUltan Dillane1600
50%
Back-RowAbrahm Papali'i100
0%
WingAlex Wooton100
0%
Scrum-HalfAngus Lloyd200
0%
Back-RowCillian Gallagher515
0%
Back-RowColby Fainga'a1115
0%
Fly-HalfConor Dean100
0%
PropConor Kenny500
0%
Full-BackDarragh Leader503
0%
HookerDave Heffernan1315
0%
Fly-HalfDavid Horwitz300
0%
WingDiarmuid Kilgallen
0%
PropDominic Robertson-McCoy2000
0%
Black-RowEoghan Masterson1715
0%
Back-RowEoin McKeon700
0%
LocksGavin Thornbury715
0%
PropJack Aungier115
0%
LocksJoe Maksymiw1400
0%
HookerJonny Murphy600
0%
PropJordan Duggan100
0%
CentreKyle Godwin18212
0%
LocksNiall Murray900
0%
WingNiyi Adeolokun1115
0%
PropPaddy McAllister1100
0%
Back-RowPaul Boyle1815
0%
PropPeter McCabe300
0%
CentrePeter Robb1615
0%
WingPeter Sulliven100
0%
LocksQuinn Roux915
0%
Back-RowRobin Copeland915
0%
CentreSammy Arnold100
0%
Back-RowSean Masterson300
0%
LocksSean O'Brien100
0%
HookerShane Delahunt1315
0%
Scrum-HalfStephen Kerins600
0%
CentreTom Daly1400
0%
CentreTom Farrell6315
0%
HookerTom McCartney10420
0%

Score Distribution

Percentile by Number Answered

Percent of People with Each Score

Your Score History

You have not taken this quiz